000
00220 a2200097 4500
001
45785
100
_a
Britannica
245
_a
Book of year 1984
260
_a
Chicago
_b
Encyclopedia Britannica
_c
090
_c
28909
_d
28909
942
_a
NUST-CAE
_c
M
_c
21012
999
_c
280858
_d
280858